LEADER 01090nam--2200373---450- 001 990003254480203316 005 20090526105528.0 010 $a978-88-95366-08-1 035 $a000325448 035 $aUSA01000325448 035 $a(ALEPH)000325448USA01 035 $a000325448 100 $a20090526d2007----km-y0itay50------ba 101 $aita 102 $aIT 105 $a||||||||001yy 200 1 $a<> rinascimento impossibile$eletteratura, politica e sessualità nell'opera di Francis Otto Matthiessen$fMario Corona 210 $aVerona$cOmbre corte$d2007 215 $a299 p.$d22 cm 225 2 $aAmericane 410 0$12001$aAmericane 454 1$12001 461 1$1001-------$12001 600 1$aMatthiessen,$bFrancis Otto$2BNCF 676 $a810.9003 700 1$aCORONA,$bMario$0457151 801 0$aIT$bsalbc$gISBD 912 $a990003254480203316 951 $aVII.4.B. 442$b208000 L.M.$cVII.4.$d00225673 959 $aBK 969 $aUMA 979 $aMARTUCCIEL$b90$c20090526$lUSA01$h1055 996 $aRinascimento impossibile$91119612 997 $aUNISA LEADER 02086nas 2200625- 450 001 996206662503316 005 20231011213020.0 011 $a2333-1461 035 $a(DE-599)ZDB2738415-9 035 $a(OCoLC)60628128 035 $a(CKB)110985822457756 035 $a(CONSER)--2013273662 035 $a(EXLCZ)99110985822457756 100 $a20050614a19849999 --- a 101 0 $aeng 135 $aur||||||||||| 181 $ctxt$2rdacontent 182 $cc$2rdamedia 183 $acr$2rdacarrier 200 00$aCanadian journal of Latin American and Caribbean studies 210 31$a[Abingdon, Oxon], UK :$cRoutledge, Taylor & Francis Group 215 $a1 online resource 300 $aAt head of title: NS. 311 $a0826-3663 517 1 $aRevue canadienne des études latino-américaines et caraïbes 517 1 $aNS 517 1 $aCJLACS/RCELAC 517 1 $aCJLACS 531 $aCANADIAN JNL OF LATIN AMERICAN CARIBBEAN STUDIES 531 $aCAN J LAT AM CARIBB STUD 606 $aAMERICA LATINA$xESTUDIOS$xPUBLICACIONES PERIODICAS$2renib 607 $aLatin America$vPeriodicals 607 $aCaribbean Area$vPeriodicals 607 $aAmérique latine$vPériodiques 607 $aCaraïbes, Région des$vPériodiques 607 $aAmeryka ?aci?ska$2dbn 607 $aKaraiby ; region$2dbn 607 $aCaribbean Area$2fast 607 $aLatin America$2fast 608 $aPeriodicals.$2lcgft 608 $aCzasopismo spo?eczno-polityczne.$2dbn 608 $aPeriodicals.$2fast 610 1 $aSocial conditions. 610 1 $aSouth America. 610 1 $aCentral America. 610 1 $aCaribbean region. 615 7$aAMERICA LATINA$xESTUDIOS$xPUBLICACIONES PERIODICAS. 676 $a980/.005 676 $a980 712 02$aCanadian Association of Latin American and Caribbean Studies, 712 02$aCanadian Association for Latin American and Caribbean Studies, 906 $aJOURNAL 912 $a996206662503316 996 $aCanadian journal of Latin American and Caribbean studies$92098306 997 $aUNISA